| 000 | 01508cab a2200349 4500 | ||
|---|---|---|---|
| 001 | X1038 | ||
| 008 | 090401t1993 xxu||||| |||| 00| 0 eng d | ||
| 035 | _a(Sirsi) u14351 | ||
| 041 | _aeng | ||
| 245 | _aUttlesford DC and Worsted Investments Ltd | ||
| 260 | _c1993 | ||
| 350 | _a0 | ||
| 490 |
_aPlanning Appeal Decisions _v(1993) 8 PAD 579-589(11) |
||
| 520 | _aInquiry 21-27 November 1992 and 21-22 December 1992. Decision letter 12 May 1993. Proposal for building of substantial amount of Class B1 (Business use) space - site with planning permissions for hotel /conference centre / office use - connection with restoration of Grade II listed building - development not in accordance with adopted and emerging planning policies - planning gain of restoration of listed building held not sufficient to outweigh harm to other identified main planning issues - appeal dismissed. | ||
| 650 | _aCLASS B1 | ||
| 650 | _aDISTRICT PLAN | ||
| 650 | _aDOE CIRCULAR 02/1987 | ||
| 650 | _aDOE CIRCULAR 8/87 | ||
| 650 | _aLISTED BUILDINGS | ||
| 650 | _aOUTLINE PLANNING PERMISSION | ||
| 650 | _aPLANNING APPEALS | ||
| 650 | _aPLANNING GAIN | ||
| 650 | _aPLANNING POLICY GUIDANCE NOTE 13 | ||
| 650 | _aPLANNING POLICY GUIDANCE NOTE 2 (GREEN BELTS) | ||
| 650 | _aPPG9 | ||
| 650 | _aSTRUCTURE PLAN | ||
| 650 | _aTOWN AND COUNTRY PLANNING ACT 1990 S106 | ||
| 650 | _aTOWN AND COUNTRY PLANNING ACT 1990 S78 | ||
| 690 | _aPLANNING LAW AND PRACTICE-CASE LAW | ||
| 942 | _n0 | ||
| 948 | _c04/03/1997 | ||
| 999 |
_c9336 _d9336 |
||